01320 a2200193 45000010006000000050017000060080041000230030015000640400040000790800059001192450077001780200018002552500012002732640033002853000017003185050640003351000025009758560126010001047120260407155438.0260407a2005 arg spa dAR-UNSa-BCEJYS aAR-UNSa-BCEJYSbspacAR-UNSa-BCEJYS a347.74xContratos mercantiles (comerciales...leasing))10aContratos comerciales modernospModalidades de contratación empresaria a950-508-682-2 a3a. ed. 1aBuenos Aires :bAstreac2005 a2 v.c23 cm. aVol.1 : 1. Los contratos comerciales en la actualidad - 2. Contratación masiva - 3.Conceptos de contrato. Necesidad de su revisión - 4. Responsabilidad de productores y proveedores en la contratación mercantil - 5. Influencia del comercio actual sobre las categorias contractuales - 6. Canales de comercialización. Vol. 2 : 7. Negocios fiduciarios - 8. Contratos de créditos y financieros - 9. Los derechos intelectulales como objeto de los contratos comerciales - 10. Contratos para fines publicitarios - 11. Contrato de viaje y turismo - 12. Contratos de colaboración, de organización, plurilaterales y asociativo. 1 aFarina, Juan María41uhttps://biblioeco.unsa.edu.ar/pmb/images/libros/Contratos Comerciales Modernos-l118729.jpgyImagen de portadaqimage/jpeg